000 00889nam a22002417a 4500
999 _c19845
_d19845
005 20251125232918.0
008 s2542 th tha d
020 _a9747449129
040 _aNALT
041 _atha
245 1 0 _aภาษีอากรตามประมวลรัษฎากร 2542 [12th]
260 3 _aกรุงเทพฯ :
_bโรงพิมพ์เรือนแก้ว,
_c2542
300 _a254 หน้า ;
_b 26 ซม.
650 0 4 _aภาษีมูลค่าเพิ่ม
650 0 4 _aภาษีอากร
650 0 4 _aภาษีเงินได้
650 0 4 _aอากรแสตมป์
850 _aNALT
856 4 0 _uhttps://hdl.handle.net/20.500.14156/302762
_71
942 _cLB
_02
_2lcc
998 _j25
_k นีลวัสน์ อินทรักษา
090 _aKI11 ก318ภ 2542